Statistiken für Länder, die mit B beginnen

Klicken Sie hier um das Quiz zu spielen!

Allgemein

  • Dieses Quiz wurde 7,791 mal gespielt
  • Das Durchschnittsergebnis liegt bei 11 aus 16

Antwortstatistiken

Land % Korrekt
Belgien
95%
Brasilien
92%
Bolivien
79%
Bhutan
73%
Bangladesch
73%
Bulgarien
72%
Brunei
69%
Bahamas
69%
Bahrain
67%
Botswana
67%
Benin
66%
Burundi
65%
Bosnien und
Herzegowina
65%
Belize
64%
Barbados
63%
Burkina Faso
54%

Verteilung der Resultate

Perzentil nach korrekt beantworteten Fragen

Anzahl Personen mit jedem Resultat

Ihre Resultats-Entwicklung

Sie haben dieses Quiz noch nicht gespielt